| 000 | 01271nam a22002897a 4500 | ||
|---|---|---|---|
| 003 | OSt | ||
| 005 | 20230208100449.0 | ||
| 007 | cr ||||||a|c|a | ||
| 008 | 230207s2021 mx a|||fom||| 001 0 spa d | ||
| 040 | _erda | ||
| 100 | 1 |
_9186102 _aBaltierrez Macias, Jaime |
|
| 245 | 1 |
_aReconstrucción de precipitación invierno-primavera y su relación con fenómenos océano-atmósfera en el Cerro Gordo, Durango / _cpor Jaime Baltierrez Macias; director de tesis José Villanueva Díaz. |
|
| 264 | 1 |
_aBermejillo, Durango : _bEl autor, _c2021. |
|
| 300 |
_a1 recurso en línea (84 páginas). _bcuadros, figuras. |
||
| 336 |
_2rdacontent _atexto _btxt |
||
| 337 |
_2rdamedia _acomputadora _bc |
||
| 338 |
_2rdacarrier _arecurso en línea _bcr |
||
| 502 |
_bISAg _cURUZA _d2021. _gLIC |
||
| 504 | _aIncluye referencias bibliográficas: páginas 61-74. | ||
| 650 | 4 |
_991357 _aPrecipitación (Meteorología) _zDurango |
|
| 650 | 4 |
_96593 _aArboles _xEdad |
|
| 650 | 4 |
_969595 _aMadera _xAnálisis |
|
| 650 | 4 |
_9174739 _aCambios climáticos _x Aspectos económicos |
|
| 700 | 1 |
_9119491 _aVillanueva Díaz, José _eDirector de tesis. |
|
| 856 |
_uhttp://10.13.5.2/tesis/tl/2021_ZA_Baltierrez_Macias_Jaime.pdf _zDESCARGAR PDF |
||
| 942 |
_2Clasificación Universidad Autónoma Chapingo _cTD |
||
| 999 |
_c218281 _d218281 |
||